000 00957cam a2200217 4500
001 ABS65429
008 020430n2002 000 0 eng u
035 _a(Sirsi) u117748
100 _aOsborne, H
245 _aEnter the go-between
260 _c2002
490 _aEstates Gazette
_v(0216) 20 April 2002, 164-165(2)
520 _aExamines increased use of third-party specialists as go-betweens, as large corporates seek to distance themselves from political lobbying in case of planning applications. Compares opinions offered by companies supplying this service, with special regard to Nolan Report "Standards in public life", which recommends a complete ban on lobbying companies employing MPs to perform this function.
590 _aABS
650 _aNOLAN REPORT
650 _aPLANNING APPLICATIONS
650 _aLOBBYING
650 _aTHIRD PARTIES
690 _aENVIRONMENTAL AND LAND CONSULTANCY-PLANNING AND DEVELOPMENT
942 _n0
999 _c70113
_d70113